MDQL
is popping MORE tags! Check the
thread
!
Quizzes
Events
Quiz Creation
Community
Videos
Private Events
Remove Ads
Sign In
Join for FREE
Feedback
Dark Mode
Quiz Categories
Sports
Geography
Music
Movies
Television
Just For Fun
Miscellaneous
History
Literature
Language
Science
Gaming
Entertainment
Religion
Holiday
For Kids
Quiz Lab
Recent
Popular Today
Quiz Kudos Today
Editor Picks
Curator Picks
Quizzes by...
Day
Popularity
Type
Ratings
Length
Year
Community
Subscriptions
Recent Discussions
Orange Saloon
Badges
Playlists
Quests
Create
Leaderboards
Showdown
Live 5
Trivia Bingo
Activity
Puzzle Library
Sporcle Events
Private Events
Virtual Trivia
Globe League
Become a Host
Pub Owners
SporcleCon
Opinionation
Our Games
Videos
Blog
Mobile Apps
Partnerships
Remove Ads and Go Orange
Feedback
Sports
Athletes
MLB
NBA
NHL
NFL
Soccer
Sports Teams
WWE
NCAA
Football
Premier League
Basketball
Baseball
Hockey
Golf
Tennis
Cricket
Rugby
Auto Racing
Olympics
World Cup
Sports
Athletes
MLB
NBA
NHL
NFL
Soccer
Sports Teams
WWE
NCAA
Football
Premier League
Basketball
Baseball
Hockey
Golf
Tennis
Cricket
Rugby
Auto Racing
Olympics
World Cup
Random Quiz
Search Sporcle
×
Quiz Lab
Quiz Lab
Sports
NBA
Type in answers that appear in a list
Type in answers that appear in a list
Classic
Best Score? Go Orange.
Best Records, Best Lineup Stats
Can you name the Starting 5 for the teams with the best records in NBA History?
By
EZEKYLE
5m
25 Questions
213 Plays
213 Plays
213 Plays
Comments
Comments
Give Quiz Kudos
Give Quiz Kudos
-
- Ratings
hide this ad
More Info
Replay
Link that replays current quiz
Next Quiz
Link to next quiz in quiz playlist
You Got
0%
They Got
Avg Score
66%
Avg Friend Score
Upgrade to see
Score Distribution
Jump to the score distribution portion of the page
Score
0/25
Timer
05:00
0
Plays Today
Team
Name
% Correct
2015/
2016 Golden State Warrior-
73-
9
Steph Curry
99.5%
1995/
1996 Chicago Bulls-
72-
10
Michael Jordan
97.7%
1996/
1997 Chicago Bulls-
69-
13
Michael Jordan
97.7%
1995/
1996 Chicago Bulls-
72-
10
Scottie Pippen
96.2%
1996/
1997 Chicago Bulls-
69-
13
Scottie Pippen
96.2%
2015/
2016 Golden State Warrior-
73-
9
Klay Thompson
95.8%
2015/
2016 Golden State Warrior-
73-
9
Draymond Green
95.8%
1995/
1996 Chicago Bulls-
72-
10
Dennis Rodman
90.1%
1996/
1997 Chicago Bulls-
69-
13
Dennis Rodman
90.1%
1971/
1972 Los Angeles Lakers-
69-
13
Jerry West
85.4%
2015/
2016 Golden State Warrior-
73-
9
Andrew Bogut
83.1%
2015/
2016 Golden State Warrior-
73-
9
Harrison Barnes
77.9%
1971/
1972 Los Angeles Lakers-
69-
13
Wilt Chamberlain
74.2%
Team
Name
% Correct
1972/
1973 Boston Celtics-
68-
14
John Havlicek
68.1%
1995/
1996 Chicago Bulls-
72-
10
Ron Harper
62%
1996/
1997 Chicago Bulls-
69-
13
Ron Harper
62%
1995/
1996 Chicago Bulls-
72-
10
Luc Longley
61%
1996/
1997 Chicago Bulls-
69-
13
Luc Longley
61%
1972/
1973 Boston Celtics-
68-
14
Dave Cowens
51.2%
1971/
1972 Los Angeles Lakers-
69-
13
Gail Goodrich
48.8%
1972/
1973 Boston Celtics-
68-
14
Jo Jo White
41.3%
1972/
1973 Boston Celtics-
68-
14
Paul Silas
15.5%
1971/
1972 Los Angeles Lakers-
69-
13
Happy Hairston
9.4%
1971/
1972 Los Angeles Lakers-
69-
13
Jim McMillian
7%
1972/
1973 Boston Celtics-
68-
14
Don Chaney
5.6%
Quiz Playlist
Details
Report
Send in Message
Add To Playlist
More Info:
Can you name the Starting 5 for the teams with the best records in NBA History? The Starting 5 used most often is used.
Classic:
Type in answers that appear in a list
Last Updated: Jun 21, 2017
Quiz Scoreboard
CHALLENGE
Sign Up to Join the Scoreboard
Show All
Scores
Hide
Comments
May contain spoilers
Recently Published
Find the 'City' Movie
by crazypaving
Movies
60s
5x2 Blitz: Bands
by SL_Kpop136
Music
30s
Colored Red Africa Blitz
by spor1
Geography
30s
More to Explore
Quiz From the Vault
Featured Blog Post
14 Easter Pick-up Lines to Find Eggs With
hide this ad
You Might Also Like...
Tags
NBA Quiz
NBA Player
NBA Teams
record
Season Records
Starting Lineups
Today's Top Quizzes in Sports
Browse Sports
hide this ad
Today's Top Quizzes in NBA
Browse NBA
Top Contributed Quizzes in Sports
1
Les entraîneurs de l'OM et du PSG au 21e siècle
2
Les meilleurs buteurs des matchs entre le PSG et l’OM
3
Les joueurs passés par le PSG et l'OM
4
Players with Multiple 50 Home Run Seasons
5
2022 World Cup Stars
6
Criteria MLB: Left Handed Sluggers
7
NBA Logic Puzzle 2.0
8
MLB Players with Two .350 Batting Average Seasons
9
Top 10 NHL Goal Scorers of All Time
10
Les joueurs passés par le LOSC et le RC Lens
Explore More
Trending Topics
Kpop
Harry Potter
Disney
Crossword
Anime
Marvel
NBA
Soccer
NFL
The Office
Country
Puzzle
Song
WWE
Pokémon
hide this ad
More By:
EZEKYLE
Quiz
Plays
Rating
Category
Featured
Created
Best Records, Best Lineup
213
3.67
Sports
Jun 21, 2017
NBA Retired Numbers
207
5.00
Sports
Nov 29, 2017
Spell the Word Zamboni
141
3.67
Language
Apr 12, 2019
Didn't Win the Title
114
1.00
Sports
Jun 21, 2017
Big 4 Nicknames
114
5.00
Sports
Jun 19, 2017
Go to Creator's Profile
Score Distribution
Quiz Creator Spotlight
EZEKYLE
Follow
Send a Message
Quizzes Created
-
Created Quiz Play Count
-
More By This Creator
Popular Quizzes Today
1
Colored Red Africa Blitz
2
Find the 'City' Movie
3
Find the US States - No Outlines Minefield
4
5x2 Blitz: Bands
5
The Countries of the World
6
Find the US States
7
US States
8
Find the Countries of Europe - No Outlines Minefield
More Sports Quizzes
Top 100 Test Run Scorers
Quiz Lab
Trending Quizzes
Colored Red Europe Blitz I
Colored Red Africa Blitz II
Colored Red Europe Blitz II
Colored Red Europe Blitz III
Colored Red Africa Blitz III
Recently Updated
How Do You Spell That?
pecheneg
Godzilla Movies
pecheneg
Grab Bag: 4-10 Letters
pecheneg
2024 March Madness Bracket
pecheneg
Famous TV Couples
Peacemaker
Champions League XIs: Real Madrid
pecheneg
Largest US Cities 1790-2010
pecheneg
Rides in Walt Disney World
pecheneg
Most Oscar Losses (Acting)
pecheneg
Beyoncé Albums
pecheneg
Trending Topics
Harry Potter
Disney
Anime
Kpop
Crossword
NBA
Marvel
Soccer
Puzzle
WWE
The Office
Song
Pokémon
Country
NFL
Your Account Isn't Verified!
In order to create a playlist on Sporcle, you need to verify the email address you used during registration. Go to your
Sporcle Settings
to finish the process.
Report this User
Report this user for behavior that violates our
Community Guidelines
.
Details:
Send Report
Go to the Sporcle.com Mobile Site →
Comments